Star Wars: Tu étais l'élu. - Statistiques

Statistiques générales
  • Ce quiz a été pris 4 175 fois
  • Le résultat moyen est 35 sur 43
Statistiques - réponses
Dialgoue % Correct
Obi-Wan Tu
99%
tu
99%
tu
99%
Tu
99%
étais
97%
l'élu,
97%
à
92%
Anakin Je
88%
Je
88%
La
88%
la
88%
la
88%
la
88%
pas
88%
pas
88%
toi.
88%
c'était
87%
te
85%
devais
83%
hais !
83%
comme
82%
comme
82%
Anakin.
81%
force,
80%
les
80%
prophétie
78%
que
78%
que
78%
Siths,
77%
eux !
76%
t'aimais
74%
dans
73%
l'équilibre
72%
deviennes
70%
voulait
70%
détruise
69%
nuit !
69%
condamner
66%
des
62%
frères !
60%
Obi-Wan Nous
60%
étions
59%
amener
52%
Aucun quiz correspondant
Distribution des résultats
% des personnes avec chaque résultat
Percentile par nombre de réponses
Votre historique - résultats
Vous n’avez pas pris ce quiz